WHITE HAT LEADERSHIP HOW TO MAXIMIZE PER (Record no. 12828)

MARC details
000 -LEADER
fixed length control field 00341nam a2200133Ia 4500
008 - FIXED-LENGTH DATA ELEMENTS--GENERAL INFORMATION
fixed length control field 240624s9999 xx 000 0 und d
041 ## - LANGUAGE CODE
Language code of text/sound track or separate title eng
082 ## - DEWEY DECIMAL CLASSIFICATION NUMBER
Classification number 658.4 WAR
100 ## - MAIN ENTRY--PERSONAL NAME
Personal name WARREN T R
245 ## - TITLE STATEMENT
Title WHITE HAT LEADERSHIP HOW TO MAXIMIZE PER
260 ## - PUBLICATION, DISTRIBUTION, ETC.
Date of publication, distribution, etc. 2007
Name of publisher, distributor, etc. Gibbs Smith Publisher
300 ## - PHYSICAL DESCRIPTION
Extent 158 : p. : cm. ; 20
365 ## - TRADE PRICE
Currency code RS
Price amount 30
Holdings
Withdrawn status Lost status Damaged status Not for loan Home library Current library Shelving location Date acquired Source of acquisition Cost, normal purchase price Total Holds Full call number Barcode Date last seen Copy number Price effective from Koha item type
        IMTN IMTN Rack 28-A 03/02/2009 BWE 175.00 8024 658.4 WAR 12828 06/24/2024 1 06/24/2024 Books
Designed & Maintained by: LRC IMT Nagpur Contact: lrc@imtnag.ac.in© 2024. All Rights Reserved.